| 000 | 01588cad a22002295a 4500 | ||
|---|---|---|---|
| 001 | L157182 | ||
| 008 | 120914s2012 xxk f 000 0 eng d | ||
| 035 | _a(Sirsi) u157182 | ||
| 041 | 0 | _aeng | |
| 110 | 2 |
_aOffice of Fair Trading _91355 |
|
| 245 | 0 | 0 |
_aOFT guidance on property sales _bCompliance with the Consumer Protection from Unfair Trading Regulations 2008 and the Business Protection from Misleading Marketing Regulations 2008 _h[electronic resource] |
| 260 |
_aLondon _bOFT _c2012 |
||
| 505 | 2 | _aPurpose and scope -- Executive summary -- Overview of the regulations -- The breaches -- Steps to help you comply with the regulations -- What happens if you don't comply with the regulations -- Selected other legislation and related guidance -- Redress schemes | |
| 520 | _aExplains OFT guidance to businesses involved in property sales to ensure compliance with the Consumer Protection from Unfair Trading Regulations 2008 and the Business Protection from Misleading Marketing Regulations 2008. Gives examples of breaches such as giving misleading information, failing to give unnecessary information to consumers, acting aggressively and banned practices. Offers advice on ensuring compliance. | ||
| 590 | _aKA NTK | ||
| 650 | 2 | 4 | _aCONSUMER PROTECTION FROM UNFAIR TRADING REGULATION 2008 |
| 650 | 2 | 4 | _aBUSINESS PROTECTION FROM MISLEADING MARKETING REGULATIONS 2008 |
| 651 | 4 |
_aUnited Kingdom _y |
|
| 690 |
_aSales _96269 |
||
| 856 | 4 | 0 |
_uhttps://www.oft.gov.uk/shared_oft/estate-agents/OFT1364.pdf _zView the item free of charge from the www.oft.gov.uk website. |
| 942 | _n0 | ||
| 999 |
_c114641 _d114641 |
||